[Event "Tournoi francophone 001 Groupe C"]
[Site "Skype"]
[Date "????.??.??"]
[Round "1.1"]
[White "Farthouat, Titoine"]
[Black "Talbot, Jacques"]
[Result "1-0"]
[WhiteElo "1368"]
[BlackElo "1444"]
[PlyCount "31"]

1. e4 e5 2. Nf3 d6 3. Bc4 h6 4. h3 Nf6 5. d3 Be7 6. O-O O-O 7. Nc3 Nc6 8. Bb5
Bd7 9. Be3 a6 10. Ba4 b5 11. Bb3 Na5 12. Bd5 Nxd5 13. Nxd5 Re8 14. Bd2 Bf8 15.
Bxa5 c6 16. Bxd8 1-0

[Event "Tournoi francophone 001 Groupe C"]
[Site "Skype"]
[Date "????.??.??"]
[Round "1.2"]
[White "Briere, Jean"]
[Black "Vincent, Andre"]
[Result "1-0"]
[WhiteElo "1460"]
[BlackElo "1404"]
[PlyCount "27"]

1. e4 e5 2. Nf3 Nc6 3. d4 exd4 4. Nxd4 d6 5. Bb5 Bd7 6. O-O Nf6 7. Re1 Be7 8.
Nc3 O-O 9. Bf4 Nxd4 10. Qxd4 c5 11. Qd2 Bxb5 12. Nxb5 a6 13. Nxd6 Qxd6 14. Bxd6
1-0

[Event "Tournoi francophone 001 Groupe C"]
[Site "Skype"]
[Date "????.??.??"]
[Round "1.3"]
[White "Coruble, Didier"]
[Black "Le Brun, Yves"]
[Result "0-1"]
[WhiteElo "1406"]
[BlackElo "1449"]
[PlyCount "76"]

1. Nf3 Nf6 2. d4 d5 3. Bf4 c6 4. h3 h6 5. Ne5 Be6 6. f3 g5 7. Bd2 Nbd7 8. g4
Nxe5 9. dxe5 Nh7 10. e3 f6 11. Bd3 Qc7 12. Bg6+ Kd7 13. f4 fxe5 14. f5 Bg8 15.
Bc3 Rd8 16. Nd2 Kc8 17. Nf3 Bg7 18. Qe2 Nf6 19. Bxe5 Qa5+ 20. c3 Bh7 21. Bf7
Rhf8 22. Be6+ Rd7 23. Bxd7+ Kxd7 24. Nd4 Bg8 25. Nb3 Qd8 26. Nc5+ Kc8 27. Ne6
Bxe6 28. fxe6 Ne8 29. Bxg7 Nxg7 30. O-O-O Nxe6 31. Kb1 Qb6 32. Rhf1 Rf6 33. Rf3
Nc5 34. Rxf6 exf6 35. Qf3 Ne4 36. Qf5+ Kd8 37. Rd3 Qa6 38. Qf1 Nd2+ 0-1

[Event "Tournoi francophone 001 Groupe C"]
[Site "Skype"]
[Date "????.??.??"]
[Round "1.4"]
[White "Porcabeuf, Jean-Marc"]
[Black "Dubois, Real"]
[Result "0-1"]
[WhiteElo "1438"]
[BlackElo "1376"]
[PlyCount "54"]

1. d4 d5 2. c4 e6 3. a3 Nf6 4. Nc3 Be7 5. Nf3 Nbd7 6. e3 h6 7. Bd3 c6 8. O-O
O-O 9. Re1 dxc4 10. Bxc4 b5 11. Bb3 a5 12. e4 Bb7 13. Bc2 b4 14. axb4 Bxb4 15.
e5 Nd5 16. Qd3 f5 17. exf6 N7xf6 18. Rxe6 Bd6 19. Bxh6 gxh6 20. Qg6+ Kh8 21.
Qxh6+ Kg8 22. Ng5 Qd7 23. Rae1 Rae8 24. Nxd5 Rxe6 25. Nxe6 Nxd5 26. Qxf8+ Bxf8
27. Nxf8 Kxf8 0-1

[Event "Tournoi francophone 001 Groupe C"]
[Site "Skype"]
[Date "????.??.??"]
[Round "1.5"]
[White "Sauvaget, Joel"]
[Black "De Coninck, Philippe"]
[Result "1/2-1/2"]
[WhiteElo "1377"]
[BlackElo "1443"]
[PlyCount "67"]

1. d4 e5 2. dxe5 Nc6 3. Nf3 Qe7 4. Nc3 Nxe5 5. Nxe5 Qxe5 6. e3 Bb4 7. Bd2 Nf6
8. Bd3 c6 9. Rb1 d5 10. O-O Ng4 11. f4 Qh5 12. h3 O-O 13. Be2 f5 14. hxg4 fxg4
15. Be1 Bc5 16. Qd2 Re8 17. Nd1 Bf5 18. b4 Bb6 19. Bd3 Qg6 20. Bxf5 Qxf5 21. g3
Re4 22. c3 Rae8 23. Bf2 Bd8 24. Kg2 g5 25. Nb2 R8e6 26. Rh1 Kg7 27. Nd3 Rc4 28.
Ne5 Qe4+ 29. Kg1 Qxb1+ 30. Be1 Qe4 31. Nxc4 Qxc4 32. Qh2 h6 33. Qd2 Qe4 34. Rh2
1/2-1/2

[Event "Tournoi francophone 001 Groupe C"]
[Site "Skype"]
[Date "????.??.??"]
[Round "2.2"]
[White "Dubois, Real"]
[Black "Sauvaget, Joel"]
[Result "0-1"]
[WhiteElo "1376"]
[BlackElo "1377"]
[PlyCount "120"]

1. d4 d5 2. Nf3 Nf6 3. e3 e6 4. Bd3 Be7 5. O-O O-O 6. c3 Nbd7 7. Qc2 h6 8. Re1
c5 9. Bb5 c4 10. Nbd2 a6 11. Bxd7 Bxd7 12. e4 dxe4 13. Nxe4 Nxe4 14. Rxe4 Bc6
15. Re3 Bd6 16. Ne5 Bxe5 17. Rxe5 Qh4 18. Qe2 b5 19. Rh5 Qf6 20. Rh3 Rad8 21.
Rg3 Kh8 22. Bd2 Rd5 23. Re1 Rf5 24. f3 Rd8 25. Be3 Rdd5 26. Qd2 Rh5 27. Qe2
Rxh2 28. Kxh2 Qh4+ 29. Rh3 Qf6 30. Kg1 Bd7 31. Rh2 Rf5 32. Rh3 Bc6 33. Rf1 Qg6
34. Qd2 Kh7 35. Rg3 Qxg3 36. f4 Rh5 37. Re1 Qh2+ 38. Kf1 Bxg2+ 39. Qxg2 Qh4 40.
Qe4+ Rf5 41. Qf3 Qf6 42. Ke2 g5 43. Rf1 Qg6 44. Qh3 g4 45. Qg3 h5 46. Rh1 Kh6
47. Qh4 Kg7 48. d5 exd5 49. Bd4+ Kh6 50. Be5 f6 51. Bd6 Qe8+ 52. Kf2 Qe4 53.
Bf8+ Kg6 54. Re1 Rxf4+ 55. Kg1 Qf5 56. Kg2 Qc2+ 57. Kh1 Qd3 58. Re7 Qf1+ 59.
Kh2 Rf2+ 60. Kg3 Rg2# 0-1

[Event "Tournoi francophone 001 Groupe C"]
[Site "Skype"]
[Date "????.??.??"]
[Round "2.3"]
[White "Le Brun, Yves"]
[Black "Porcabeuf, Jean-Marc"]
[Result "0-1"]
[WhiteElo "1449"]
[BlackElo "1438"]
[PlyCount "62"]

1. d4 d5 2. Nf3 c6 3. Bf4 g6 4. Qd2 Bf5 5. Nh4 Be6 6. h3 Bg7 7. c3 Nf6 8. f3
O-O 9. Bh6 Qd7 10. Bxg7 Kxg7 11. g4 Qc7 12. e3 Qg3+ 13. Qf2 Qc7 14. Nd2 h5 15.
Ng2 Rh8 16. g5 Nh7 17. h4 f6 18. Nf4 Bf5 19. e4 dxe4 20. fxe4 Bg4 21. gxf6+
Nxf6 22. e5 Nd5 23. Bc4 Nd7 24. Bxd5 cxd5 25. Nxd5 Qc6 26. c4 Raf8 27. Qh2 Nb6
28. b3 Nxd5 29. cxd5 Qxd5 30. Rc1 Qxd4 31. Rc4 Qe3+ 0-1

[Event "Tournoi francophone 001 Groupe C"]
[Site "Skype"]
[Date "????.??.??"]
[Round "2.4"]
[White "Vincent, Andre"]
[Black "Coruble, Didier"]
[Result "0-1"]
[WhiteElo "1404"]
[BlackElo "1406"]
[PlyCount "52"]

1. Nf3 Nc6 2. d4 e6 3. c4 Nf6 4. Nc3 a6 5. Bf4 Bb4 6. g3 Ne7 7. Bg2 d6 8. O-O
Ng6 9. Bg5 h6 10. Bxf6 Qxf6 11. Ne4 Qe7 12. a3 Ba5 13. b4 Bb6 14. c5 Ba7 15.
Rc1 d5 16. Nc3 c6 17. Nd2 h5 18. e4 h4 19. exd5 cxd5 20. Re1 h3 21. Bxd5 Nh4
22. c6 Ng2 23. Bxg2 hxg2 24. d5 Qf6 25. Qf3 Qh6 26. Re2 Qxh2# 0-1

[Event "Tournoi francophone 001 Groupe C"]
[Site "Skype"]
[Date "????.??.??"]
[Round "2.5"]
[White "Farthouat, Titoine"]
[Black "Briere, Jean"]
[Result "0-1"]
[WhiteElo "1368"]
[BlackElo "1460"]
[PlyCount "108"]

1. e4 e5 2. Nf3 Nc6 3. Bb5 d6 4. h3 Nf6 5. d3 Bd7 6. O-O Be7 7. Bg5 O-O 8. Nc3
h6 9. Bh4 Nh5 10. Bxe7 Nxe7 11. Bxd7 Qxd7 12. Nxe5 dxe5 13. Qxh5 Ng6 14. Rfe1
Rfe8 15. Qf5 Rad8 16. Qxd7 Rxd7 17. Nd5 c6 18. Nb4 a5 19. Nxc6 bxc6 20. Rad1 c5
21. c3 Nf4 22. Re3 Red8 23. g3 Nxh3+ 24. Kg2 Ng5 25. f4 exf4 26. gxf4 Ne6 27.
f5 Ng5 28. e5 Re7 29. d4 cxd4 30. Rxd4 Rxd4 31. cxd4 Kf8 32. d5 Rd7 33. f6 Rxd5
34. b3 gxf6 35. exf6 Rf5 36. Kg3 Rxf6 37. Re5 Ra6 38. a3 Ne6 39. b4 axb4 40.
axb4 Rb6 41. Re4 Nc7 42. Rc4 Nd5 43. Rh4 Nxb4 44. Kg4 Rg6+ 45. Kf5 Nd5 46. Rg4
Ne3+ 47. Kf4 Nxg4 48. Kf5 h5 49. Kf4 h4 50. Kf3 Nf6 51. Kf4 h3 52. Kf5 h2 53.
Kf4 h1=Q 54. Kf5 Qe4# 0-1

[Event "Tournoi francophone 001 Groupe C"]
[Site "Skype"]
[Date "????.??.??"]
[Round "3.1"]
[White "Briere, Jean"]
[Black "Talbot, Jacques"]
[Result "0-1"]
[WhiteElo "1460"]
[BlackElo "1444"]
[PlyCount "72"]

1. e4 e5 2. Nf3 d6 3. d4 exd4 4. Nxd4 Nf6 5. Nc3 Bd7 6. Bc4 Be7 7. O-O O-O 8.
Bf4 Nc6 9. Re1 Re8 10. e5 dxe5 11. Bxe5 Nxe5 12. Rxe5 Bd6 13. Re2 Bg4 14. Rxe8+
Qxe8 15. Qd2 c5 16. Re1 Qd7 17. Ndb5 Bxh2+ 18. Kxh2 Qxd2 19. Re7 Qf4+ 20. g3
Qxc4 21. Nd6 Qd4 22. Nde4 Nxe4 23. Nxe4 Bf5 24. f3 Bxe4 25. Rxe4 Qf2+ 26. Kh3
Qxf3 27. Rf4 Qe2 28. c4 Re8 29. Rf5 Qe6 30. g4 Qe3+ 31. Kh4 Qe1+ 32. Kh5 Re5
33. Rxe5 Qxe5+ 34. Kh4 Qh2+ 35. Kg5 f6+ 36. Kf5 Qe5# 0-1

[Event "Tournoi francophone 001 Groupe C"]
[Site "Skype"]
[Date "????.??.??"]
[Round "3.2"]
[White "Coruble, Didier"]
[Black "Farthouat, Titoine"]
[Result "0-1"]
[WhiteElo "1406"]
[BlackElo "1368"]
[PlyCount "72"]

1. Nf3 e6 2. e4 h6 3. e5 Nc6 4. d4 d5 5. Bb5 Bd7 6. Bd3 Na5 7. b3 c5 8. Bb2 Qb6
9. dxc5 Bxc5 10. O-O Nc6 11. c3 a5 12. a4 d4 13. Bb5 dxc3 14. Bxc3 Nge7 15. Qd2
Nd5 16. Bb2 O-O 17. Rd1 Rfe8 18. Qc2 Rad8 19. Qe2 Bc8 20. Na3 Nf4 21. Qe4 Bxf2+
22. Kf1 Nd5 23. Bd3 Ne3+ 24. Ke2 Nxd1 25. Qh7+ Kf8 26. Nc4 Qxb3 27. Ba3+ Nb4
28. Nfd2 Qxd3+ 29. Qxd3 Rxd3 30. Rxd1 Red8 31. Kxf2 b6 32. Ke2 Ba6 33. Nd6
Rxa3+ 34. N2c4 Bxc4+ 35. Nxc4 Rxd1 36. Nxa3 Ra1 0-1

[Event "Tournoi francophone 001 Groupe C"]
[Site "Skype"]
[Date "????.??.??"]
[Round "3.3"]
[White "Porcabeuf, Jean-Marc"]
[Black "Vincent, Andre"]
[Result "1-0"]
[WhiteElo "1438"]
[BlackElo "1404"]
[PlyCount "79"]

1. d4 d5 2. c4 e6 3. a3 Nf6 4. Nc3 Be7 5. Nf3 O-O 6. e3 c6 7. Bd3 Nbd7 8. O-O
b6 9. Re1 Bb7 10. e4 dxc4 11. Bxc4 Rc8 12. Bb3 Qc7 13. Qd3 b5 14. Bc2 Rfd8 15.
e5 Nc5 16. Qe3 Ncd7 17. exf6 Nxf6 18. Ne5 Bd6 19. Qg3 Bxe5 20. dxe5 Nh5 21. Qg4
g6 22. h3 a6 23. Bh6 c5 24. Re3 Qe7 25. Rae1 Rd2 26. Bb1 Rxb2 27. Ne4 Bxe4 28.
Bxe4 c4 29. Bg5 Qd7 30. Rf3 Qc7 31. Bf6 c3 32. Qg5 c2 33. Bxc2 Rxc2 34. Qh6 Rc1
35. Rfe3 Qc2 36. g4 Nxf6 37. exf6 Rxe1+ 38. Rxe1 Qxf2+ 39. Kxf2 Rc2+ 40. Kf1
1-0

[Event "Tournoi francophone 001 Groupe C"]
[Site "Skype"]
[Date "????.??.??"]
[Round "3.4"]
[White "Sauvaget, Joel"]
[Black "Le Brun, Yves"]
[Result "1-0"]
[WhiteElo "1377"]
[BlackElo "1449"]
[PlyCount "73"]

1. d4 Nf6 2. Nf3 e6 3. e3 d5 4. Bd3 a6 5. Nbd2 c6 6. O-O Bd6 7. Re1 Nbd7 8. e4
dxe4 9. Nxe4 Nxe4 10. Bxe4 h6 11. c3 O-O 12. Qc2 Nf6 13. h3 Nxe4 14. Qxe4 f5
15. Qd3 Rf6 16. Ne5 Qc7 17. Bd2 b5 18. b4 Bd7 19. Qg3 Be8 20. Bf4 Rc8 21. Re3
Qe7 22. Rae1 Bxe5 23. Bxe5 Rg6 24. Qf4 Qf7 25. Rg3 Kh7 26. Ree3 Rxg3 27. Rxg3
g5 28. Qd2 Bd7 29. Qe2 Rg8 30. Qd3 Qh5 31. Qf3 Qg6 32. Qe2 Rf8 33. f4 g4 34.
hxg4 fxg4 35. Rxg4 Qh5 36. Rg7+ Kh8 37. Qxh5 1-0

[Event "Tournoi francophone 001 Groupe C"]
[Site "Skype"]
[Date "????.??.??"]
[Round "3.5"]
[White "De Coninck, Philippe"]
[Black "Dubois, Real"]
[Result "1/2-1/2"]
[WhiteElo "1443"]
[BlackElo "1376"]
[PlyCount "119"]

1. e4 e6 2. d4 d5 3. e5 c6 4. Nf3 g6 5. c3 Bg7 6. Bd3 Ne7 7. O-O O-O 8. Bg5 Re8
9. Qd2 a6 10. Bh6 Nf5 11. Bxg7 Kxg7 12. Bxf5 exf5 13. Qf4 Be6 14. Nbd2 Nd7 15.
Rac1 b5 16. b3 Rc8 17. h4 Nf8 18. b4 a5 19. bxa5 Qxa5 20. Rc2 Qd8 21. Ra1 Bd7
22. Nb3 Ne6 23. Qc1 Rh8 24. a4 bxa4 25. Rxa4 Ra8 26. Rca2 Rxa4 27. Rxa4 Qe7 28.
c4 Rb8 29. Qc3 Nc7 30. Ra7 Ne6 31. Na5 Nf8 32. cxd5 cxd5 33. Nc6 Rb1+ 34. Kh2
Qe6 35. Nd8 Qb6 36. Qc7 Qxc7 37. Rxc7 Be6 38. Nxe6+ Nxe6 39. Rd7 Rb5 40. g3 Nf8
41. Re7 Ne6 42. Ra7 Rb4 43. Ng5 Nxg5 44. hxg5 Rxd4 45. Kg2 Re4 46. f4 d4 47.
Ra1 d3 48. Rd1 Rd4 49. Kf3 d2 50. Ke3 Rd7 51. Rxd2 Rxd2 52. Kxd2 Kf8 53. Ke3
Ke7 54. Kf3 Ke6 55. g4 fxg4+ 56. Kxg4 Ke7 57. f5 gxf5+ 58. Kxf5 Kf8 59. e6
fxe6+ 60. Kxe6 1/2-1/2

[Event "Tournoi francophone 001 Groupe C"]
[Site "Skype"]
[Date "????.??.??"]
[Round "4.1"]
[White "Talbot, Jacques"]
[Black "Dubois, Real"]
[Result "1-0"]
[WhiteElo "1444"]
[BlackElo "1376"]
[PlyCount "49"]

1. e4 e5 2. Nf3 d6 3. d4 exd4 4. Nxd4 Nf6 5. Nc3 Be7 6. Bc4 Nbd7 7. O-O O-O 8.
h3 c6 9. Nf5 Nb6 10. Bb3 Bxf5 11. exf5 d5 12. Re1 Re8 13. Bf4 Qd7 14. Qd3 Bd6
15. Bxd6 Qxd6 16. Re2 Rxe2 17. Nxe2 Ne4 18. Ng3 Qf4 19. Nxe4 dxe4 20. Qc3 Qxf5
21. Re1 Re8 22. f3 e3 23. Rxe3 Rd8 24. Qd4 Rxd4 25. Re8# 1-0

[Event "Tournoi francophone 001 Groupe C"]
[Site "Skype"]
[Date "????.??.??"]
[Round "4.2"]
[White "Le Brun, Yves"]
[Black "De Coninck, Philippe"]
[Result "1-0"]
[WhiteElo "1449"]
[BlackElo "1443"]
[PlyCount "55"]

1. d4 e5 2. dxe5 Nc6 3. Nf3 Qe7 4. e3 Nxe5 5. Nxe5 Qxe5 6. Bd3 Nf6 7. h3 d5 8.
Qe2 Bb4+ 9. c3 Bc5 10. Nd2 O-O 11. Nf3 Qe7 12. O-O Ne4 13. Qc2 f5 14. b4 Bd6
15. Bb2 c6 16. a3 b5 17. Nd2 a6 18. Nxe4 fxe4 19. Be2 Rf6 20. c4 Rg6 21. cxd5
cxd5 22. Bg4 Qe8 23. Rac1 Bb7 24. Qc3 Qe7 25. Qd4 Bc6 26. Kh1 Bd7 27. Qxd5+ Be6
28. Qxa8+ 1-0

[Event "Tournoi francophone 001 Groupe C"]
[Site "Skype"]
[Date "????.??.??"]
[Round "4.3"]
[White "Vincent, Andre"]
[Black "Sauvaget, Joel"]
[Result "0-1"]
[WhiteElo "1404"]
[BlackElo "1377"]
[PlyCount "90"]

1. e4 e5 2. Nf3 d6 3. Bc4 h6 4. d4 exd4 5. Nxd4 Nf6 6. Bd3 Be7 7. O-O O-O 8. h3
Nbd7 9. Nf5 Ne5 10. Nxe7+ Qxe7 11. Nc3 b6 12. Re1 Bb7 13. Bf4 Rfe8 14. Qd2 Qd7
15. Rad1 Rad8 16. Bxe5 Rxe5 17. Qe2 Rde8 18. Qf3 Qc8 19. Re3 Qa8 20. Rde1 a6
21. Bc4 b5 22. Bb3 c6 23. a3 a5 24. a4 b4 25. Ne2 c5 26. Ng3 Rg5 27. Nh5 Rxh5
28. Qf4 Rhe5 29. f3 R8e7 30. g4 Qa7 31. Kf2 c4 32. Bxc4 Ba6 33. Bxa6 Qxa6 34.
b3 Qb6 35. Ke2 Qc5 36. Kd2 Rc7 37. Rc1 Qc6 38. c4 bxc3+ 39. Rcxc3 Rc5 40. Rc4
Rxc4 41. bxc4 Qxc4 42. Qxd6 Rd7 43. Qxd7 Nxd7 44. Rd3 Nf6 45. Ke3 Qxa4 0-1

[Event "Tournoi francophone 001 Groupe C"]
[Site "Skype"]
[Date "????.??.??"]
[Round "4.4"]
[White "Farthouat, Titoine"]
[Black "Porcabeuf, Jean-Marc"]
[Result "1-0"]
[WhiteElo "1368"]
[BlackElo "1438"]
[PlyCount "47"]

1. e4 e6 2. d4 d5 3. e5 c5 4. c3 Nd7 5. Bb5 Ne7 6. Qb3 Ng6 7. Bxd7+ Bxd7 8.
Qxb7 Be7 9. dxc5 Bxc5 10. Bg5 Be7 11. Bxe7 Nxe7 12. Nf3 O-O 13. O-O Ng6 14.
Nbd2 f6 15. exf6 Rxf6 16. Rfe1 Rf8 17. Ne5 Nf4 18. Qxd7 Qg5 19. g3 Nh3+ 20. Kg2
Nxf2 21. Qxe6+ Kh8 22. Nf7+ Rxf7 23. Qxf7 Ng4 24. Qe8+ 1-0

[Event "Tournoi francophone 001 Groupe C"]
[Site "Skype"]
[Date "????.??.??"]
[Round "4.5"]
[White "Briere, Jean"]
[Black "Coruble, Didier"]
[Result "0-1"]
[WhiteElo "1460"]
[BlackElo "1406"]
[PlyCount "118"]

1. d4 e6 2. c4 Nc6 3. Nf3 Be7 4. Nc3 a6 5. d5 exd5 6. cxd5 Na7 7. e4 d6 8. Be3
b6 9. Be2 h6 10. O-O Bb7 11. Rc1 Qd7 12. h3 Bf6 13. Bd4 b5 14. Bxf6 Nxf6 15. e5
dxe5 16. Nxe5 Qe7 17. Ng4 Nxg4 18. Bxg4 O-O 19. Re1 Qd8 20. Bf3 Nc8 21. Ne2 Nd6
22. Nf4 Bc8 23. Bg4 f5 24. Ng6 Re8 25. Bh5 Re4 26. Rxe4 fxe4 27. Ne5 Qg5 28.
Bf7+ Nxf7 29. Nxf7 Kxf7 30. Rxc7+ Kg8 31. g4 h5 32. f4 Qxf4 33. Kg2 Qxc7 34. d6
Qd7 35. Qd5+ Kh7 36. Qxa8 g6 37. Qxe4 Bb7 38. Qxb7 Qxb7+ 39. Kg3 Qd7 40. gxh5
gxh5 41. Kh4 Qxd6 42. Kxh5 Qe6 43. a3 Qxh3+ 44. Kg5 Qb3 45. Kf5 Qc2+ 46. Ke5
Qxb2+ 47. Kd5 Qxa3 48. Ke5 Qh3 49. Ke4 b4 50. Ke5 b3 51. Ke4 b2 52. Ke5 b1=Q
53. Kd5 a5 54. Kd4 a4 55. Ke5 Qhd3 56. Ke6 Qe1+ 57. Kf6 Qf3+ 58. Kg5 Qg1+ 59.
Kh4 Qfh1# 0-1

[Event "Tournoi francophone 001 Groupe C"]
[Site "Skype"]
[Date "????.??.??"]
[Round "5.1"]
[White "Coruble, Didier"]
[Black "Talbot, Jacques"]
[Result "1-0"]
[WhiteElo "1406"]
[BlackElo "1444"]
[PlyCount "33"]

1. b3 e5 2. e4 Nc6 3. Nf3 d6 4. Bb5 Bd7 5. c3 Nf6 6. d3 Be7 7. O-O O-O 8. b4 a6
9. Bc4 Re8 10. Qb3 Rf8 11. Ng5 Be8 12. a4 h6 13. Nf3 Bd7 14. Nh4 Kh8 15. Bxf7
Nxe4 16. Ng6+ Kh7 17. Nxf8+ 1-0

[Event "Tournoi francophone 001 Groupe C"]
[Site "Skype"]
[Date "????.??.??"]
[Round "5.2"]
[White "Porcabeuf, Jean-Marc"]
[Black "Briere, Jean"]
[Result "0-1"]
[WhiteElo "1438"]
[BlackElo "1460"]
[PlyCount "60"]

1. d4 d5 2. c4 e6 3. a3 Nf6 4. Nc3 h6 5. Nf3 Bd6 6. h3 O-O 7. e3 Nbd7 8. cxd5
exd5 9. Bd3 c6 10. O-O Re8 11. Re1 Ne4 12. Nxe4 dxe4 13. Bc2 exf3 14. Qxf3 Nf6
15. e4 Bc7 16. Be3 Be6 17. Rad1 Bb6 18. e5 Bd5 19. Qg3 Nh5 20. Qg4 g6 21. Bxh6
Be6 22. Qf3 Ng7 23. Qg3 Nf5 24. Bxf5 Bxf5 25. h4 Bxd4 26. Qf3 Qxh4 27. Bf4 Rad8
28. Bg3 Qg4 29. Qxg4 Bxg4 30. Re4 Bxd1 0-1

[Event "Tournoi francophone 001 Groupe C"]
[Site "Skype"]
[Date "????.??.??"]
[Round "5.3"]
[White "Sauvaget, Joel"]
[Black "Farthouat, Titoine"]
[Result "1-0"]
[WhiteElo "1377"]
[BlackElo "1368"]
[PlyCount "103"]

1. d4 d5 2. Nf3 Nc6 3. e3 a6 4. h3 Bf5 5. c3 Nf6 6. Bd3 Bxd3 7. Qxd3 e6 8. O-O
Bd6 9. Nbd2 O-O 10. e4 dxe4 11. Nxe4 Be5 12. Re1 h6 13. Qc2 Bd6 14. Ned2 Re8
15. Nc4 Rb8 16. Nce5 Ne7 17. Bf4 Ned5 18. Bg3 b6 19. Nc6 Qd7 20. Nxb8 Rxb8 21.
Bxd6 Qxd6 22. Ne5 Rc8 23. Qe2 Nf4 24. Qf3 N6h5 25. g4 Qd5 26. Qxd5 exd5 27.
gxh5 Nxh3+ 28. Kh2 Ng5 29. Re2 Re8 30. Rae1 f6 31. Ng6 Nf3+ 32. Kg3 Nxe1 33.
Rxe8+ Kf7 34. Rxe1 f5 35. Kf4 Kf6 36. Re5 c6 37. Rxf5+ Ke6 38. Re5+ Kf6 39. Re8
Kf7 40. Rc8 b5 41. Rxc6 a5 42. Rc5 b4 43. Rxa5 bxc3 44. bxc3 Ke6 45. Ra6+ Kf7
46. Ke5 Ke8 47. Kd6 Kf7 48. Ke5 Ke8 49. Ra7 Kd8 50. Kd6 Ke8 51. Nh8 Kf8 52.
Ra8# 1-0

[Event "Tournoi francophone 001 Groupe C"]
[Site "Skype"]
[Date "????.??.??"]
[Round "5.4"]
[White "De Coninck, Philippe"]
[Black "Vincent, Andre"]
[Result "1-0"]
[WhiteElo "1443"]
[BlackElo "1404"]
[PlyCount "61"]

1. e4 c5 2. Nf3 Nc6 3. c3 g6 4. d4 cxd4 5. cxd4 d6 6. Be3 Bg7 7. Nc3 e6 8. Bc4
Nge7 9. d5 Bxc3+ 10. bxc3 Ne5 11. Bd4 Nxf3+ 12. Qxf3 e5 13. Be3 O-O 14. Bh6 f5
15. Bxf8 Qxf8 16. Bd3 f4 17. g3 fxg3 18. Qxf8+ Kxf8 19. hxg3 Kg7 20. Kf1 Bd7
21. Kg2 Rf8 22. Rh2 Ng8 23. Be2 Nh6 24. Rah1 Ng4 25. Rxh7+ Kf6 26. Rxd7 Kg5 27.
Bxg4 Kxg4 28. f3+ Kg5 29. Rh4 Rf4 30. gxf4+ Kxh4 31. Rh7# 1-0

[Event "Tournoi francophone 001 Groupe C"]
[Site "Skype"]
[Date "????.??.??"]
[Round "5.5"]
[White "Dubois, Real"]
[Black "Le Brun, Yves"]
[Result "0-1"]
[WhiteElo "1376"]
[BlackElo "1449"]
[PlyCount "66"]

1. d4 Nf6 2. Nf3 d5 3. c3 c6 4. e3 Bf5 5. Bd3 Bxd3 6. Qxd3 Nbd7 7. Nbd2 e6 8.
O-O h6 9. h3 Bd6 10. Re1 O-O 11. e4 dxe4 12. Nxe4 Nxe4 13. Qxe4 Nf6 14. Qc2 Qc7
15. Bd2 Rfe8 16. Re2 Re7 17. Rae1 c5 18. dxc5 Bxc5 19. Be3 Bd6 20. Bd4 Nh5 21.
Be5 Nf4 22. Bxd6 Qxd6 23. Re3 Rd8 24. Nd4 Qd5 25. f3 Rde8 26. a3 e5 27. Nf5 Re6
28. Rd3 Nxd3 29. Rd1 e4 30. Ne3 Qc5 31. Qe2 exf3 32. Qxf3 Rxe3 33. Rxd3 Rxf3+
0-1

[Event "Tournoi francophone 001 Groupe C"]
[Site "Skype"]
[Date "????.??.??"]
[Round "6.2"]
[White "Vincent, Andre"]
[Black "Dubois, Real"]
[Result "0-1"]
[WhiteElo "1404"]
[BlackElo "1376"]
[PlyCount "88"]

1. c4 e6 2. Nc3 c6 3. e3 d5 4. Nf3 Be7 5. d4 Nf6 6. Be2 Nbd7 7. O-O O-O 8. Qc2
dxc4 9. Bxc4 Nb6 10. b3 Nxc4 11. bxc4 b6 12. Bb2 Bb7 13. Rad1 Rc8 14. Qe2 Qc7
15. h3 c5 16. d5 exd5 17. Nb5 Qb8 18. Be5 Qa8 19. Nc7 Rxc7 20. Bxc7 dxc4 21.
Qxc4 Qc8 22. Bd6 Bxd6 23. Rxd6 Ba6 24. Qc2 Bxf1 25. Kxf1 Rd8 26. Rxd8+ Qxd8 27.
Qd2 Qxd2 28. Nxd2 Nd5 29. Nb1 a6 30. a3 b5 31. Ke2 Kf8 32. Kd3 c4+ 33. Kd4 Nb6
34. Kc3 a5 35. e4 Ke7 36. f3 Kd6 37. g3 h5 38. Kd2 Kc5 39. Nc3 b4 40. axb4+
axb4 41. Nb1 Kd4 42. Ke2 Na4 43. h4 Nc3+ 44. Nxc3 Kxc3 0-1

[Event "Tournoi francophone 001 Groupe C"]
[Site "Skype"]
[Date "????.??.??"]
[Round "6.3"]
[White "Farthouat, Titoine"]
[Black "De Coninck, Philippe"]
[Result "0-1"]
[WhiteElo "1368"]
[BlackElo "1443"]
[PlyCount "104"]

1. e4 e5 2. Nf3 Nf6 3. Nxe5 d6 4. Nf3 Nxe4 5. Bb5+ c6 6. Bc4 d5 7. Qe2 Be7 8.
Bd3 Bf5 9. O-O O-O 10. h3 Bc5 11. Bxe4 Bxe4 12. Re1 Nd7 13. d3 Bxf3 14. Qxf3
Re8 15. Qd1 Qh4 16. Re2 Re5 17. Qe1 Rae8 18. Nc3 Bb4 19. Be3 d4 20. f4 Qxe1+
21. Raxe1 Rxe3 22. Rxe3 Rxe3 23. Rxe3 dxe3 24. Ne4 f5 25. Ng3 g6 26. Kf1 Bd2
27. Ke2 Nf6 28. Nf1 Nd5 29. g3 Nb4 30. Nxd2 exd2 31. Kxd2 Nxa2 32. c3 Kf7 33.
Kc2 Ke6 34. Kb1 Nxc3+ 35. bxc3 Kd5 36. Kb2 b5 37. Kb3 c5 38. c4+ Kd4 39. g4
Kxd3 40. cxb5 c4+ 41. Kb2 c3+ 42. Kc1 h6 43. h4 fxg4 44. h5 gxh5 45. f5 g3 46.
Kb1 c2+ 47. Kb2 g2 48. b6 axb6 49. Kb3 g1=Q 50. f6 Qb1+ 51. Ka4 Kc4 52. f7 Qa1#
0-1

[Event "Tournoi francophone 001 Groupe C"]
[Site "Skype"]
[Date "????.??.??"]
[Round "6.4"]
[White "Briere, Jean"]
[Black "Sauvaget, Joel"]
[Result "1-0"]
[WhiteElo "1460"]
[BlackElo "1377"]
[PlyCount "95"]

1. e4 e5 2. Nf3 d6 3. Bc4 h6 4. d3 Nf6 5. O-O Be7 6. Nc3 O-O 7. h3 Nc6 8. a3
Re8 9. Re1 Bf8 10. Be3 a6 11. Nd5 Be6 12. c3 Na5 13. Ba2 b5 14. b4 Nc6 15. Bc1
Na7 16. Bb2 c6 17. Nxf6+ Qxf6 18. Bxe6 Rxe6 19. d4 exd4 20. cxd4 Qe7 21. e5 d5
22. Rc1 Re8 23. Kf1 Qd8 24. Rc3 Be7 25. Bc1 f6 26. exf6 Bxf6 27. Rce3 Rxe3 28.
Rxe3 Rxe3 29. Bxe3 Qd6 30. Qc1 Qf8 31. Bf4 Be7 32. Ne5 Bd6 33. Ng6 Qf6 34. Bxd6
Qxd6 35. Ne5 Qe6 36. Qc5 Nc8 37. Qxc6 Qxc6 38. Nxc6 Nd6 39. Nb8 Nf5 40. Nxa6
Nxd4 41. Nc7 Kf7 42. Nxd5 Nc2 43. Nc3 Nxa3 44. Ke2 Ke6 45. Kd3 Kd6 46. f4 Kc6
47. g4 Nc2 48. Kxc2 1-0

[Event "Tournoi francophone 001 Groupe C"]
[Site "Skype"]
[Date "????.??.??"]
[Round "6.5"]
[White "Coruble, Didier"]
[Black "Porcabeuf, Jean-Marc"]
[Result "1-0"]
[WhiteElo "1406"]
[BlackElo "1438"]
[PlyCount "89"]

1. Nf3 d5 2. d4 Nd7 3. Bf4 Ngf6 4. Nc3 e6 5. h3 Nh5 6. Bh2 c5 7. e3 Be7 8. Ne5
Nxe5 9. Bxe5 O-O 10. Qxh5 cxd4 11. Bxd4 g6 12. Qh6 f6 13. Ne2 Rf7 14. g4 Bf8
15. Qh4 Bg7 16. O-O-O Qc7 17. f4 b5 18. b4 a5 19. bxa5 Qxa5 20. Nc3 Qa3+ 21.
Kd2 b4 22. Ra1 bxc3+ 23. Bxc3 Rc7 24. Bb2 Qa5+ 25. Kc1 Qc5 26. Qf2 Bd7 27. Bd3
Rxa2 28. Rxa2 Bf8 29. Qh4 Bb5 30. Qxf6 Bxd3 31. Qh8+ Kf7 32. Qxh7+ Ke8 33. Ra8+
Rc8 34. Rxc8+ Qxc8 35. Rh2 e5 36. Bxe5 d4 37. Bxd4 Qc6 38. Qh8 Kf7 39. Qh7+ Ke8
40. Qg8 Bc4 41. Qh8 Kf7 42. Qe5 Bg7 43. Qxg7+ Ke6 44. Qf6+ Kd7 45. Qxc6+ 1-0

[Event "Tournoi francophone 001 Groupe C"]
[Site "Skype"]
[Date "????.??.??"]
[Round "7.1"]
[White "Porcabeuf, Jean-Marc"]
[Black "Talbot, Jacques"]
[Result "0-1"]
[WhiteElo "1438"]
[BlackElo "1444"]
[PlyCount "38"]

1. d4 d5 2. c4 e6 3. a3 Nf6 4. Nc3 c6 5. Nf3 Nbd7 6. e3 Bd6 7. Bd3 dxc4 8. Bxc4
O-O 9. O-O e5 10. dxe5 Nxe5 11. e4 Bg4 12. Be2 Re8 13. Bf4 Nxf3+ 14. Bxf3 Bxf4
15. Bxg4 Qxd1 16. Bxd1 Nxe4 17. Re1 Nxc3 18. Rxe8+ Rxe8 19. bxc3 Re1# 0-1